Integration in Hilbert space /
Guardado en:
| Autor Principal: | |
|---|---|
| Formato: | Libro |
| Idioma: | English Russian |
| Publicado: |
New York :
Springer-Verlag,
1974.
|
| Series: | Ergebnisse der Mathematik und ihrer Grenzgebiete ;
Bd. 79 |
| Materias: | |
| Etiquetas: |
Agregar Etiqueta
Sin Etiquetas, Sea el primero en etiquetar este registro!
|
| LEADER | 00947cam a2200265 a 4500 | ||
|---|---|---|---|
| 001 | MAT.inmabb004660 | ||
| 008 | 750102s1974####nyu######b####001#0#eng## | ||
| 005 | 20160308105059.0 | ||
| 245 | 1 | 0 | |a Integration in Hilbert space / |c A. V. Skorohod ; translated from the Russian by Kenneth Wickwire. |
| 260 | |a New York : |b Springer-Verlag, |c 1974. | ||
| 300 | |a xii, 177 p. ; |c 24 cm. | ||
| 440 | 0 | |a Ergebnisse der Mathematik und ihrer Grenzgebiete ; |v Bd. 79 | |
| 500 | |a Traducción de: Integrirovanie v gil'bertovykh prostranstvakh. | ||
| 504 | |a Bibliografía: p. [172]-174. | ||
| 510 | 4 | |a MR, |c 57 #6360 | |
| 020 | |a 0387063226 | ||
| 100 | 1 | |a Skorokhod, A. V. |q (Anatolii Vladimirovich), |d 1930- | |
| 650 | 0 | |a Measure theory. | |
| 650 | 0 | |a Integrals, Generalized. | |
| 650 | 0 | |a Hilbert space. | |
| 084 | |a 28C20 (60B05 60G15) |2 msc2000 | ||
| 010 | |a 73082356 | ||
| 040 | |a DLC |c DLC |d DLC | ||
| 041 | 1 | |a eng |h rus | |
| 859 | |h 28 |i Sk628 |p A-4549 |b BIB. MATEMATICA | ||
